000
00285nam a2200121Ia 4500
005
20251222141807.0
008
251222s9999||||xx |||||||||||||| ||spa||
082
_a
869.624/M86
100
_a
Mortensen C, Antonio
245
0
_a
Al Rededor de la Llama
264
_b
Cervantes
942
_c
LIB
999
_c
6356
_d
6356